000 00381nam a2200121 4500
999 _c10002
_d10002
008 180725b ||||| |||| 00| 0 eng d
100 _929520
_aCinco, Maricar
245 _aTargeting kids out of stock vaccine for incurable disease/
_cMaricar Cinco
260 _aPhilippines
_bPhilippine Daily Inquirer
_cc2017
300 _apage C1.
650 0 _929522
_aVaccines.
942 _2ddc
_cPER